<?xml version="1.0" encoding="UTF-8"?><collection xmlns="info:lc/xmlns/marcxchange-v2"><record format="Unimarc" type="bibliographic"><leader>00682nam  2200205 a 450 </leader><controlfield tag="001">2282219</controlfield><controlfield tag="003">http://id.bnportugal.gov.pt/bib/porbase/2282219</controlfield><controlfield tag="005">19990715000000.0</controlfield><datafield ind1=" " ind2=" " tag="010"><subfield code="a">0-314-76271-X</subfield></datafield><datafield ind1=" " ind2=" " tag="035"><subfield code="a">UCJPII_BC_200.iso/06-12-2010/114590</subfield></datafield><datafield ind1=" " ind2=" " tag="035"><subfield code="a">115683</subfield></datafield><datafield ind1=" " ind2=" " tag="100"><subfield code="a">19990715d1990    km y0pory0103    ba</subfield></datafield><datafield ind1="0" ind2=" " tag="101"><subfield code="a">eng</subfield></datafield><datafield ind1=" " ind2=" " tag="102"><subfield code="a">US</subfield></datafield><datafield ind1="1" ind2=" " tag="200"><subfield code="a">Black´s law dictionary</subfield><subfield code="e">definitions of the terms and pharses of american and english jurisprudence, ancient and modern</subfield><subfield code="f">by Henry Campbell Blak</subfield></datafield><datafield ind1=" " ind2=" " tag="205"><subfield code="a">6. ed</subfield></datafield><datafield ind1=" " ind2=" " tag="210"><subfield code="a">St. Paul, Minn.</subfield><subfield code="c">West Group</subfield><subfield code="d">1990</subfield></datafield><datafield ind1=" " ind2=" " tag="215"><subfield code="a">XIV, 1658 p.</subfield><subfield code="d">26 cm</subfield></datafield><datafield ind1=" " ind2=" " tag="675"><subfield code="a">34(03)</subfield><subfield code="v">med</subfield><subfield code="z">por</subfield></datafield><datafield ind1=" " ind2="1" tag="700"><subfield code="a">Black</subfield><subfield code="b">Henry Campbell</subfield></datafield><datafield ind1=" " ind2="0" tag="801"><subfield code="a">PT</subfield><subfield code="b">UCJPII</subfield><subfield code="g">RPC</subfield></datafield></record></collection>